Quizzes
Events
Quiz Creation
Community
Videos
Private Events
Remove Ads
Sign In
Join for FREE
Feedback
Dark Mode
Quiz Categories
Sports
Geography
Music
Movies
Television
Just For Fun
Miscellaneous
History
Literature
Language
Science
Gaming
Entertainment
Religion
Holiday
For Kids
Quiz Lab
Recent
Popular Today
Quiz Kudos Today
Editor Picks
Curator Picks
Quizzes by...
Day
Popularity
Type
Ratings
Length
Year
Community
Subscriptions
Recent Discussions
Orange Saloon
Badges
Playlists
Quests
Create
Leaderboards
Showdown
Live 5
Trivia Bingo
Activity
Puzzle Library
Sporcle Events
Private Events
Virtual Trivia
Globe League
Become a Host
Pub Owners
SporcleCon
Opinionation
Our Games
Videos
Blog
Mobile Apps
Partnerships
Remove Ads and Go Orange
Feedback
Sports
Athletes
MLB
NBA
NHL
NFL
Soccer
Sports Teams
WWE
NCAA
Football
Premier League
Basketball
Baseball
Hockey
Golf
Tennis
Cricket
Rugby
Auto Racing
Olympics
World Cup
Sports
Athletes
MLB
NBA
NHL
NFL
Soccer
Sports Teams
WWE
NCAA
Football
Premier League
Basketball
Baseball
Hockey
Golf
Tennis
Cricket
Rugby
Auto Racing
Olympics
World Cup
Random Quiz
Search Sporcle
×
Curator Pick
Curator Pick
Sports
Alphabet
Type in answers that appear in a list
Type in answers that appear in a list
Classic
Best Score? Go Orange.
The Wrestling Quiz - M Stats
Can you name the wrestling related things beginning with the letter M?
By
jordomac24
18m
75 Questions
4,510 Plays
4,510 Plays
4,510 Plays
Comments
Comments
Give Quiz Kudos
Give Quiz Kudos
-
- Ratings
hide this ad
More Info
Replay
Link that replays current quiz
Next Quiz
Link to next quiz in quiz playlist
You Got
0%
They Got
Avg Score
41%
Avg Friend Score
Upgrade to see
Score Distribution
Jump to the score distribution portion of the page
Score
0/75
Timer
18:00
0
Plays Today
Category
Answer
% Correct
Families
McMahon
87.7%
Nicknames
Macho Man
86.7%
Tag Teams
MNM
74.6%
Nicknames
Mr. Ass
73.7%
Stables
The Ministry
73.1%
Nicknames
Million Dollar Man
71.6%
Tag Teams
Mega Powers
71.6%
Tag Teams
Money Incorporated
70.9%
WWF/
E World Champions
Mankind
69.6%
WWF/
E Hardcore Champions
Mankind
69.6%
Nicknames
Mouth of the South
68.4%
Nicknames
Mr. Wonderful
67.1%
Nicknames
Masterpiece
64.4%
Families
Malenko
64.1%
Nicknames
The Model
63.4%
Tag Teams
Mean Street Posse
62.2%
Stables
The Mexicools
59.9%
Tag Teams
Men on a Mission
57.8%
Nicknames
Mad Dog
56.2%
NWA/
WCW/
WWE United States Champions
The Miz
54.6%
Nicknames
Mongo
54%
WWF/
E World Champions
The Miz
52.8%
Nicknames
Marvelous
52.1%
WWF/
E TV Shows (All-
Time)
Monday Night RAW
50.7%
Nicknames
Macho King
50.5%
WWF/
E European Champions
Mark Henry
50.1%
WWF/
E Intercontinental Champions
Marc Mero
49.9%
WWF/
E European Champions
Matt Hardy
49.6%
WWF/
E Hardcore Champions
Matt Hardy
49.6%
WCW/
WWE Cruiserweight Champions
Matt Hardy
49.6%
NWA/
WCW/
WWE United States Champions
Matt Hardy
49.6%
WWF/
E Women's Champions
Melina
46.9%
Nicknames
Magnificent
45%
WWF/
E World Champions
Mr. McMahon
44.3%
Stables
Million Dollar Corporation
44.2%
WWF/
E Royal Rumble Winners
Mr. McMahon
43.4%
Tag Teams
The Moondogs
43.4%
WWF/
E Intercontinental Champions
Mr. Perfect
42.5%
Category
Answer
% Correct
Tag Teams
Midnight Express
40.7%
Tag Teams
Mega Maniacs
40.4%
Nicknames
Mr. USA
40%
WWF/
E Hardcore Champions
Maven
37.9%
WWF/
E Women's Champions
Mickie James
36.5%
WWF/
E Hardcore Champions
Mighty Molly
35.2%
WWF/
E Women's Champions
Molly Holly
35.2%
Stables
Misfits in Action
35.1%
WWF/
E Women's Champions
Michelle McCool
35.1%
WWF/
E European Champions
Mideon
33.5%
Tag Teams
The Machines
31.4%
NWA/
WCW/
WWE United States Champions
Montel Vontavious Porter
30.6%
Stables
Millionaire's Club
29.1%
WWF/
E Intercontinental Champions
Marty Jannetty
28.7%
WCW Pay-
Per-
Views
Mayhem
28.2%
NWA/
WCW/
WWE United States Champions
Mr. Kennedy
28%
Tag Teams
Mega Bucks
27.9%
WWE Hall of Famers
Mae Young
27.4%
Tag Teams
The Mamalukes
27%
WWF/
E TV Shows (All-
Time)
The Main Event
27%
WWF/
E Hardcore Champions
Mike Awesome
25.6%
WWF/
E Intercontinental Champions
The Mountie
24.5%
WCW/
WWE Cruiserweight Champions
Madusa
22.2%
NWA/
WCW/
WWE United States Champions
Michael Hayes
15.9%
NWA/
WCW/
WWE United States Champions
Magnum T.A.
15.7%
NWA/
WCW Television Champions
Mike Rotundo
15.1%
Nicknames
Made in the USA
14.3%
WWE Hall of Famers
Mr. Fuji
13.8%
WWF/
E TV Shows (All-
Time)
Mania
12.5%
WWF/
E Women's Champions
Miss Kitty
10.8%
NWA/
WCW/
WWE United States Champions
Mr. Wrestling
10.6%
NWA/
WCW Television Champions
Mr. Wrestling
10.6%
WWF/
E TV Shows (All-
Time)
Metal
9.5%
WCW/
WWE Cruiserweight Champions
Mike Sanders
8%
WWE Hall of Famers
Mikel Scicluna
6.1%
NWA/
WCW Television Champions
Masked Superstar
5.3%
NWA/
WCW Television Champions
Mark Youngblood
4.9%
Quiz Playlist
Details
Report
Send in Message
Add To Playlist
More Info:
First names starting with M, need full names!
Classic:
Type in answers that appear in a list
Quiz Source
Last Updated: Feb 16, 2017
Curator Pick in
WWE
Quiz Scoreboard
CHALLENGE
Sign Up to Join the Scoreboard
Show All
Scores
Hide
Comments
May contain spoilers
Recently Published
Presidents Visiting Landmarks
by Hejman
History
7m
An Introduction to Baseball
by treessimontrees
Sports
5m
Movies - When Are They Set?
by FPL_Elf
Movies
5m
More to Explore
Quiz From the Vault
Featured Blog Post
Where Did the Easter Bunny Come From?
hide this ad
You Might Also Like...
Tags
Alphabet Quiz
WWE Quiz
NWA
WCW
WCW Champions
Wrestlers
Wrestling
WWF
WWF Champions
Today's Top Quizzes in Sports
Browse Sports
hide this ad
Today's Top Quizzes in Alphabet
Browse Alphabet
Top Contributed Quizzes in Sports
1
Les meilleurs buteurs des matchs entre le PSG et l’OM
2
2022 World Cup Stars
3
FIFA Club World Cup Champions
4
Les entraîneurs de l'OM et du PSG au 21e siècle
5
Name the Premier League winners with different clubs
6
5-to-1: UK Sports Teams
7
La finale Lions - Afrique du Sud 2021
8
Criteria MLB: Left Handed Sluggers
9
AFC Teams Reveal (Wrong Answers Minefield)
10
England Test cricketers to play under Nasser Hussain
Explore More
Trending Topics
Marvel
Crossword
Disney
Anime
Harry Potter
NBA
Kpop
Country
WWE
Pokémon
Song
Puzzle
The Office
Soccer
NFL
hide this ad
More By:
jordomac24
Quiz
Plays
Rating
Category
Featured
Created
The Wrestling Quiz - R
8,238
3.73
Sports
Oct 3, 2010
The Wrestling Quiz - A
6,622
3.88
Sports
Aug 10, 2010
The Wrestling Quiz - S
6,228
3.57
Sports
Oct 6, 2010
The Wrestling Quiz - B
5,725
3.96
Sports
Aug 10, 2010
The Wrestling Quiz - H
5,587
4.12
Sports
Sep 1, 2010
Go to Creator's Profile
Score Distribution
Quiz Creator Spotlight
jordomac24
Follow
Send a Message
Quizzes Created
-
Created Quiz Play Count
-
More By This Creator
Popular Quizzes Today
1
Find the US States - No Outlines Minefield
2
Find the Countries of Europe - No Outlines Minefield
3
The Countries of the World
4
Find the US States
5
Popular People in 1961
6
US States
7
Risky Map Clicking: Biggest States A-Z
8
Movies - When Are They Set?
More Sports Quizzes
Premier League Tenable
Curator's Pick
Trending Quizzes
Risky Map Clicking: Least Populous States A-Z
1-10 Letter G Words
1-10 Letter F Words
Risky Map Clicking: Next State Alphabetically
Risky Map Clicking: Biggest States A-Z
Recently Updated
Leaping Animals
pecheneg
Reality TV Shows (A-Z)
bhenderson79
Rickey Henderson's Hall of Fame Teammates
pecheneg
Champions League XIs: Arsenal
pecheneg
Quick Pick: Celebrities in WWE's Hall of Fame
aduchscher
A-Z Keypad Blitz II
pecheneg
Multiple Oscar Actors
pecheneg
Mystery Phrase Blitz: Oscar 'Best Actors'
pecheneg
F. Scott Fitzgerald Novels
LTH
Pick 3 Villains
ddd62291
Trending Topics
Anime
NBA
Disney
Harry Potter
Kpop
Crossword
Marvel
Country
Song
Puzzle
The Office
WWE
Pokémon
Soccer
NFL
Your Account Isn't Verified!
In order to create a playlist on Sporcle, you need to verify the email address you used during registration. Go to your
Sporcle Settings
to finish the process.
Report this User
Report this user for behavior that violates our
Community Guidelines
.
Details:
Send Report
Go to the Sporcle.com Mobile Site →
Comments